书目信息 |
| 题名: |
毛泽东诗词全新对照译文
|
|
| 作者: | 张友平 , 张静思 著 | |
| 分册: | ||
| 出版信息: | 北京 红旗出版社 2014 |
|
| 页数: | 436页 | |
| 开本: | 26cm | |
| 丛书名: | ||
| 单 册: | ||
| 中图分类: | A44 | |
| 科图分类: | ||
| 主题词: | 毛主席诗词--译文 | |
| 电子资源: | ||
| ISBN: | 978-7-5051-2873-6 | |
| 000 | 00884nam0 2200241 450 | |
| 001 | 338151 | |
| 005 | 20150601161718.87 | |
| 010 | @a978-7-5051-2873-6@dCNY75.00 | |
| 100 | @a20140122d2013 em y0chiy50 ea | |
| 101 | 0 | @achi |
| 102 | @aCN@b110000 | |
| 105 | @aa z 000yy | |
| 106 | @ar | |
| 200 | 1 | @a毛泽东诗词全新对照译文@Amao ze dong shi ci quan xin dui zhao yi wen@f张友平, 张静思著 |
| 210 | @a北京@c红旗出版社@d2014 | |
| 215 | @a436页@c图, 照片@d26cm | |
| 330 | @a本书对毛泽东从1915年5月写的《五古·挽易昌陶》, 至1973年8月写的《七律·读封建论呈郭老》共69篇诗词, 分别给出写作背景、作者自注和口头解释、对照译文、译文品赏、字词句典诠释、中心思想和写作特点。 | |
| 606 | 0 | @a毛主席诗词@x译文 |
| 690 | @aA44@v5 | |
| 701 | 0 | @a张友平@Azhang you ping@f(1957)@4著 |
| 701 | 0 | @a张静思@Azhang jing si@c(女, @f1985)@4著 |
| 801 | 0 | @aCN@b卓展宏图@c20150525 |
| 905 | @dA44@e56@f4 | |
| 毛泽东诗词全新对照译文/张友平, 张静思著.-北京:红旗出版社,2014 |
| 436页:图, 照片;26cm |
| ISBN 978-7-5051-2873-6:CNY75.00 |
| 本书对毛泽东从1915年5月写的《五古·挽易昌陶》, 至1973年8月写的《七律·读封建论呈郭老》共69篇诗词, 分别给出写作背景、作者自注和口头解释、对照译文、译文品赏、字词句典诠释、中心思想和写作特点。 |
| ● |
| 相关链接 |
|
|
|
|
正题名:毛泽东诗词全新对照译文
索取号:A44/56
 
预约/预借
| 序号 | 登录号 | 条形码 | 馆藏地/架位号 | 状态 | 备注 |
| 1 | 857559 | 208575594 | 第一样本阅览室/ [索取号:A44/56] | 在馆 | |
| 2 | 857560 | 208575601 | 第一借阅区/ [索取号:A44/56] | 在馆 | |
| 3 | 857561 | 208575610 | 第一借阅区/ [索取号:A44/56] | 在馆 | |
| 4 | 857562 | 208575629 | 第一借阅区/ [索取号:A44/56] | 在馆 |